Music Quiz

Random Music or Oscar Quiz
Score 0/24 Timer 06:00
0 Plays Today
% Correct
White Christmas (1942)
84.2%
Chim Chim Cher-ee (1964)
81.6%
Al otro lado del río (2004)
81.6%
A Whole New World (1992)
81.6%
It's Hard out Here for a Pimp (2005)
73.7%
Up Where We Belong (1982)
71.1%
Zip-a-Dee-Doo-Dah (1947)
68.4%
Baby, It's Cold Outside (1949)
68.4%
High Hopes (1959)
68.4%
Let It Go (2013)
68.4%
Moon River (1961)
65.8%
Flashdance... What a Feeling (1983)
63.2%
% Correct
Under the Sea (1989)
63.2%
Three Coins in the Fountain (1954)
63.2%
Mona Lisa (1950)
57.9%
Lose Yourself (2000)
55.3%
Over the Rainbow (1939)
52.6%
Raindrops Keep Fallin' on My Head (1969)
52.6%
It Might as Well Be Spring (1945)
52.6%
Theme from Shaft (1971)
47.4%
Whatever Will Be, Will Be (Qué Será, Será) (1956)
47.4%
Lullaby of Broadway (1935)
44.7%
You Light Up My Life (1977)
39.5%
When You Wish Upon a Star (1940)
21.1%
Remove Ads.
Support Sporcle.
Get the best of Sporcle when you Go Orange. This ad-free experience offers more features, more stats, and more fun while also helping to support Sporcle. Thank you for becoming a member.

You're not logged in!

Compare scores with friends on all Sporcle quizzes.
OR
Log In

Show Comments

Extras

Created Jan 4, 2015ReportNominate
Tags:Oscar Quiz

Top Quizzes Today


Score Distribution

Your Account Isn't Verified!

In order to create a playlist on Sporcle, you need to verify the email address you used during registration. Go to your Sporcle Settings to finish the process.

Report this User

Report this user for behavior that violates our Community Guidelines.

Details: